| 000 | 00569nam a2200181Ia 4500 | ||
|---|---|---|---|
| 008 | 090124s9999 xx 000 0 und d | ||
| 082 | _b35627 | ||
| 100 | _aशेवते अरूण | ||
| 245 | _a गेले ते दिन गेले | ||
| 250 | _a0 | ||
| 260 |
_bऋतुरंग प्रकाशन _c1997 |
||
| 300 | _a141 | ||
| 600 | _aशेवते अरूण | ||
| 630 | _a गेले ते दिन गेले | ||
| 700 | _aशेवते अरूण | ||
| 730 | _a गेले ते दिन गेले | ||
| 942 | _cBOOK | ||
| 999 |
_c101514 _d101514 |
||